Management změny organizace - řízení přechodné fáze

Jeden zo série článkov, ktoré sa zaoberajú manažmentom zmeny v organizáciách. V príspevku autori skúmajú problémy spojené s fázou prechodu a navrhujú radu opatrení ako s nimi nakladať.

Na minha lista:
Detalhes bibliográficos
Autor principal: Collerette, Pierre
Outros Autores: Schneider, Robert, Legris, Paul
Formato: Capítulo de Livro
Idioma:tcheco
Assuntos:
Tags: Adicionar Tag
Sem tags, seja o primeiro a adicionar uma tag!

MARC

LEADER 00000naa$a2200000$$$4500
001 0010337
005 20230524133757.8
041 0 |a cze 
044 |a CZ 
245 1 0 |a Management změny organizace - řízení přechodné fáze  |c Pierre Collerette, Robert Schneider, Paul Legris 
520 |a Jeden zo série článkov, ktoré sa zaoberajú manažmentom zmeny v organizáciách. V príspevku autori skúmajú problémy spojené s fázou prechodu a navrhujú radu opatrení ako s nimi nakladať. 
610 2 0 |a riadenie zmien 
610 2 0 |a zmeny organizačné 
610 2 0 |a reorganizácia 
610 2 0 |a obdobie prechodné 
100 1 |a Collerette, Pierre 
700 1 |a Schneider, Robert 
700 1 |a Legris, Paul